Taylor Swift - guess the song with no hints ⭒6 - Statistics

General Stats
  • This quiz has been taken 3,430 times
    3,255 since last reset
  • The average score is 186 of 260
Answer Stats
Answer % Correct
I
99%
a
98%
you
97%
the
94%
an
91%
me
91%
And
88%
and
88%
(And
88%
to
88%
when
88%
is
86%
be
85%
your
85%
in
83%
my
82%
on
80%
that
80%
That
80%
know
79%
I'm
78%
this
78%
So
77%
so
77%
want
77%
You're
77%
They
76%
all
75%
like
75%
of
75%
were
75%
what
73%
it's
72%
It's
72%
just
72%
was
72%
don't
69%
At
68%
at
68%
trying
68%
But
67%
have
66%
if
66%
say
65%
say)
65%
time
65%
wanted
65%
up
62%
been
61%
had
61%
here
61%
I've
61%
now
60%
didn't
57%
got
56%
about
55%
hard
55%
one
55%
they're
55%
back
54%
least
54%
feel
53%
heart
53%
out
52%
reel
52%
car
51%
down
51%
lot
51%
told
51%
regrets
50%
you'd
49%
became
48%
came
48%
mad
48%
potential
48%
wasted
48%
way
48%
curve,
47%
curve
47%
having
47%
mental
47%
party
47%
adjusting
46%
ahead
46%
cages
46%
ended
46%
care
45%
kill
45%
off
45%
rusting
45%
sphere
45%
these
45%
anywhere
44%
days
44%
open
44%
pour
44%
stranger
44%
whiskey
44%
film
43%
flashback
43%
shiniest
43%
words
43%
Fell
42%
wheels,
42%
wound
42%
classmates,
41%
doorway
41%
shoot
41%
town
41%
behind
40%
Pouring
39%
screen
39%
quite
37%
Could've
36%
fears
35%
road
35%
lookout
32%
followed
31%
Pulled
30%
maybe
29%
No matching quizzes found
Score Distribution
Percent of People with Each Score
Percentile by Number Answered
Your Score History
You have not taken this quiz since the last reset